000
00289nam a2200121Ia 4500
008
190216s9999||||xx |||||||||||||| ||und||
100
_a
Gupta S P
245
0
_a
Advanced Practical Statistics
260
_b
Addison-Wesley Pbl: Co:
_c
1974
300
_a
739p
650
_a
Commerce
942
_c
BK
999
_c
4588
_d
4588